Norte y sur
Uloženo v:
| Hlavní autor: | |
|---|---|
| Médium: | Kniha |
| Jazyk: | španělština |
| Vydáno: |
Santiago
Nascimento
1947
|
| Témata: | |
| Tagy: |
Přidat tag
Žádné tagy, Buďte první, kdo vytvoří štítek k tomuto záznamu!
|
MARC
| LEADER | 00000nam a2200000 a 4500 | ||
|---|---|---|---|
| 001 | UCQ6267 | ||
| 003 | CL-VaPUC | ||
| 008 | 981009e19470000CL |||||||||||||||||spa|d | ||
| 082 | 0 | 4 | |a Ch863 |b REY |2 21 |
| 100 | 0 | |a Reyes, Salvador |e author |9 352822 | |
| 245 | 1 | 0 | |a Norte y sur |
| 300 | |a 135 p | ||
| 942 | |c BK | ||
| 945 | |d 19981009 00:00:00 |a crobeson | ||
| 260 | |a Santiago |b Nascimento |c 1947 | ||
| 650 | 0 | |a Novelas chilenas |9 265425 | |
| 650 | 0 | |a Literatura chilena |9 308278 | |
| 583 | |a last modification |c 19981009 00:00:00 |k Rodrigo Vera | ||
| 999 | |c 276268 |d 276266 | ||